• 首页
  • 本馆介绍
  • 公告通知
  • 最新文献
  • 馆藏检索
  • 电子资源
  • 读者导购
  • 参考咨询
  • 我的图书馆
  • 登录
  • 详细信息显示
  • 放入我的书架
  • 预约/预借图书
  • 作者相关作品
  • 分类相关作品
  • 丛书相关作品
  • 出版社相关作品

书目信息

  • 表格格式
  • 工作单格式
  • 卡片格式
题名:
佛光下的沉思
    
 
作者: 牟正纯 著
分册:  
出版信息: 沈阳   辽海出版社  2006
页数: 145页
开本: 19cm
丛书名: 中国历史文化丛书
单 册:
中图分类: B241
科图分类:
主题词: 哲学思想--中国--隋唐时代 , 哲学思想
电子资源:
ISBN: 7-80638-865-6
000 00898oam2 2200289 450
001 012007952189
005 20070605142720.43
010    @a7-80638-865-6@dCNY720.00(全30册)
100    @a20070601d2006 km y0chiy0120 ea
101 0  @achi
102    @aCN@b210000
105    @ay z 000yy
106    @ar
200 1  @a佛光下的沉思@Afo guang xia de chen si@e隋唐哲学@f牟正纯著@Fmu zheng chun zhu
205    @a2版
210    @a沈阳@c辽海出版社@d2006
215    @a145页@d19cm
225 2  @a中国历史文化丛书
330    @a本书主要内容包括:“中国历史上最早的佛教宗派”,“迷宫式的理论”,“妇孺皆知的佛圣”,“不识文字也能成佛”等。
461  0 @12001 @a中国历史文化丛书
517 1  @a隋唐哲学@Asui tang zhe xue
606 0  @a哲学思想@y中国@z隋唐时代
606 0  @a哲学思想
690    @aB241@v4
701  0 @a牟正纯@Amu zheng chun@4著
801  0 @aCN@bRULIN@c20070605
905    @dB241@e4=2@s5
    
    佛光下的沉思:隋唐哲学/牟正纯著.-2版.-沈阳:辽海出版社,2006
    145页;19cm.-(中国历史文化丛书)
    
    
    ISBN 7-80638-865-6:CNY720.00(全30册)
    本书主要内容包括:“中国历史上最早的佛教宗派”,“迷宫式的理论”,“妇孺皆知的佛圣”,“不识文字也能成佛”等。
●
相关链接 在E读中查询图书 在五车中查询图书 在当当中查询图书 在豆瓣中查询图书


正题名:佛光下的沉思     索取号:B241/4=2         预约/预借

序号 登录号 条形码 馆藏地/架位号 状态 备注
1 0582737   205827373   第一样本阅览室/ [索取号:B241/4=2] 在馆    
2 0582738   205827382   第一借阅区/ [索取号:B241/4=2] 在馆    
3 0582739   205827391   第一借阅区/ [索取号:B241/4=2] 在馆    
4 0582740   205827408   第一借阅区/ [索取号:B241/4=2] 在馆    
5 0582741   205827417   第一借阅区/ [索取号:B241/4=2] 在馆    
唐山师范学院图书馆 欢迎您!
大连网信软件有限公司© 版权所有